| 000 | 00586cam a22002175a 4500 | ||
|---|---|---|---|
| 001 | L158071 | ||
| 008 | 140317s2006 xxk f 000 0 eng d | ||
| 020 | _a9781905982048 | ||
| 035 | _a(Sirsi) u158071 | ||
| 041 | 0 | _aeng | |
| 050 | 0 | 4 | _a336.21 DIX |
| 100 | 1 | _aDixon, Tom | |
| 245 | 0 | 0 |
_aBusiness rates _byour guide |
| 260 |
_aLondon _bIRRV _c2006 |
||
| 520 | _aOutlines the general principles of business rates as the law stood in July 2006. | ||
| 590 | _aKA | ||
| 651 | 4 |
_aEngland and Wales _y1543- |
|
| 690 | _aFinance and taxation | ||
| 700 | 1 | _aHeath, Gordon | |
| 942 | _n0 | ||
| 999 |
_c115121 _d115121 |
||